Marx comes to India : (Record no. 190657)

MARC details
000 -LEADER
fixed length control field 01183nam a2200337 a 4500
001 - CONTROL NUMBER
control field vtls000184928
003 - CONTROL NUMBER IDENTIFIER
control field NLI
005 - DATE AND TIME OF LATEST TRANSACTION
control field 20210602111234.0
008 - FIXED-LENGTH DATA ELEMENTS--GENERAL INFORMATION
fixed length control field 101125s1975 ii fa 001 0 eng
020 ## - INTERNATIONAL STANDARD BOOK NUMBER
Terms of availability Rs. 35.00
039 #9 - LEVEL OF BIBLIOGRAPHIC CONTROL AND CODING DETAIL [OBSOLETE]
-- 201011252220
-- VLOAD
040 ## - CATALOGING SOURCE
Original cataloging agency NLI
Language of cataloging eng
Transcribing agency Datasoft 1
Description conventions AACR2
041 0# - LANGUAGE CODE
Language code of text/sound track or separate title eng
044 ## - COUNTRY OF PUBLISHING/PRODUCING ENTITY CODE
MARC country code ii
082 04 - DEWEY DECIMAL CLASSIFICATION NUMBER
Classification number 335.0954
100 1# - MAIN ENTRY--PERSONAL NAME
Personal name Joshi, P. C.
Fuller form of name (Puran Chandra),
Dates associated with a name 1907-1980
9 (RLIN) 359127
245 10 - TITLE STATEMENT
Title Marx comes to India :
Remainder of title earliest Indian biographies of Karl Marx by Lala Hardayal and Swadeshabhimani Ramakrishna Pillai, with critical introductions /
Statement of responsibility, etc. P. C. Joshi [and] K. Damodaran
260 ## - PUBLICATION, DISTRIBUTION, ETC.
Place of publication, distribution, etc. Delhi :
Name of publisher, distributor, etc. Manohar Book Service,
Date of publication, distribution, etc. 1975
300 ## - PHYSICAL DESCRIPTION
Extent 133 p., [3] leaves of plates :
Other physical details ill. ;
Dimensions 22 cm.
500 ## - GENERAL NOTE
General note Includes index
600 10 - SUBJECT ADDED ENTRY--PERSONAL NAME
Personal name Marx, Karl,
Dates associated with a name 1818-1883
9 (RLIN) 150433
650 #0 - SUBJECT ADDED ENTRY--TOPICAL TERM
Topical term or geographic name entry element Socialism
9 (RLIN) 1133
700 1# - ADDED ENTRY--PERSONAL NAME
Personal name Hardayal, Lala,
Dates associated with a name 1884-1939
9 (RLIN) 359128
700 1# - ADDED ENTRY--PERSONAL NAME
Personal name Ramakrsnapilla, Ke.,
Dates associated with a name 1878-1916
9 (RLIN) 359129
700 1# - ADDED ENTRY--PERSONAL NAME
Personal name Damodaran, K.,
Dates associated with a name 1912-,
Relationship jt. aut
9 (RLIN) 188645
887 ## - NON-MARC INFORMATION FIELD
Content of non-MARC field
901 ## - LOCAL DATA ELEMENT A, LDA (RLIN)
a DB27818
b 05.09.1975
902 ## - LOCAL DATA ELEMENT B, LDB (RLIN)
a E 335.0954 J 78
942 ## - ADDED ENTRY ELEMENTS (KOHA)
Source of classification or shelving scheme Dewey Decimal Classification
Koha item type Books
949 ## - LOCAL PROCESSING INFORMATION (OCLC)
-- VIRTUAITEM
-- 10000
-- 100
6 DBA000027818ENG
Holdings
Withdrawn status Lost status Damaged status Not for loan Collection code Home library Current library Shelving location Date acquired Total Checkouts Full call number Barcode Date last seen Price effective from Koha item type
        New English National Library of India National Library of India New English - Main Stack Division     E 335.0954 J 78 DBA000027818ENG 02/06/2021 02/06/2021 Books
                                                                           
web counter

Copyright ©2020 The National Library of India, Govt. of India ↔ Hosted by NVLI, MOC ↔ Technology and Design by National Library of India, Ministry of Culture, Govt. of India